No Flockin - Kodak Black Lyrics - Statistics

General Stats
  • This quiz has been taken 35 times
  • The average score is 73 of 398
Answer Stats
Lyrics % Correct
young
79%
Damn
74%
i
74%
k
74%
k
74%
k
74%
got
68%
a
63%
a
63%
got
63%
got
63%
i
63%
k
63%
k
63%
k
63%
like
63%
my
63%
my
63%
nigga
63%
old
63%
on
63%
on
63%
pop
63%
prada
63%
sad
63%
so
63%
a
58%
a
58%
all
58%
ask
58%
ass
58%
at
58%
at
58%
bought
58%
clothes
58%
damn
58%
don't
58%
i
58%
i
58%
is
58%
just
58%
last
58%
mad
58%
me
58%
new
58%
old
58%
one
58%
smoke
58%
tag
58%
thats
58%
the
58%
they
58%
where
58%
where
58%
you
58%
you
58%
your
58%
ass
53%
ass
53%
cash
53%
fast
53%
gas
53%
it's
53%
jackass
53%
jag
53%
nigga
53%
pole
53%
shoppin
53%
smokin
53%
so
53%
spazzin
53%
they
53%
yeah
53%
bout
47%
flocka
47%
got
47%
hell
47%
hoe
47%
i
47%
into
47%
my
47%
my
47%
nigga
47%
niggas
47%
the
47%
what
47%
you
47%
ain't
42%
but
42%
damn
42%
is
42%
it
42%
talking
42%
too
42%
trippin
42%
you
42%
baby
37%
project
37%
y'all
37%
dammit
32%
hallway
32%
i
32%
in
32%
school
32%
skippin
32%
skippin
32%
the
32%
was
32%
was
32%
y'all
32%
and
26%
my
26%
on
26%
Ps
26%
Qs
26%
jiggas
21%
on
21%
them
21%
bet
16%
bleeding
16%
call
16%
come
16%
concrete
16%
don't
16%
i
16%
jiggaboo
16%
me
16%
me
16%
niggas
16%
pardon
16%
street
16%
talk
16%
the
16%
won't
16%
5
11%
across
11%
ain't
11%
ain't
11%
anything
11%
anyway
11%
B
11%
B
11%
be
11%
be
11%
beat
11%
bow
11%
diamond
11%
dissin
11%
don't
11%
down
11%
game
11%
get
11%
getting
11%
gotta
11%
her
11%
honestly
11%
i
11%
i
11%
i
11%
i
11%
i'm
11%
i'm
11%
i'm
11%
just
11%
just
11%
knees
11%
lies
11%
love
11%
married
11%
me
11%
me
11%
me
11%
me
11%
my
11%
my
11%
my
11%
nobody
11%
on
11%
on
11%
on
11%
on
11%
on
11%
over
11%
pinky
11%
ring
11%
ring
11%
said
11%
she
11%
she
11%
so
11%
spent
11%
talk
11%
tellin
11%
the
11%
the
11%
they
11%
to
11%
to
11%
to
11%
to
11%
to
11%
to
11%
to
11%
to
11%
tryin
11%
trying
11%
vibin
11%
vows
11%
you
11%
you
11%
you
11%
you
11%
and
5%
as
5%
boo
5%
boy
5%
but
5%
do
5%
don't
5%
down
5%
down
5%
finesse
5%
for
5%
for
5%
go
5%
hot
5%
i
5%
it's
5%
kid
5%
Kodak
5%
lay
5%
lie
5%
lie
5%
little
5%
me
5%
me
5%
me
5%
me
5%
sorry
5%
the
5%
the
5%
the
5%
time
5%
to
5%
to
5%
told
5%
who
5%
y'all
5%
yeah
5%
you
5%
you
5%
you
5%
10
0%
a
0%
a
0%
a
0%
a
0%
a
0%
a
0%
a
0%
a
0%
a
0%
a
0%
and
0%
around
0%
around
0%
around
0%
ass
0%
be
0%
black
0%
board
0%
boy
0%
boy
0%
boy
0%
broccoli
0%
broke
0%
call
0%
call
0%
call
0%
can't
0%
can't
0%
car
0%
catch
0%
c'est
0%
chocolate
0%
chunky
0%
clown
0%
clown
0%
could
0%
docter
0%
don't
0%
down
0%
even
0%
falling
0%
feet
0%
Flocka's
0%
food
0%
for
0%
for
0%
for
0%
freeband
0%
from
0%
funny
0%
G
0%
get
0%
get
0%
getting
0%
getting
0%
getting
0%
goddamn
0%
got
0%
grounded
0%
guy
0%
halloween
0%
healthy
0%
how
0%
hundreds
0%
hundreds
0%
hungry
0%
i
0%
i
0%
i
0%
i
0%
i
0%
i'm
0%
i'm
0%
i'm
0%
i'm
0%
in
0%
in
0%
it
0%
it
0%
it
0%
joke
0%
junkie
0%
junkue
0%
kid
0%
la
0%
like
0%
lottery
0%
me
0%
me
0%
me
0%
me
0%
me
0%
me
0%
me
0%
me
0%
mild
0%
money
0%
money's
0%
monopoly
0%
no
0%
off
0%
ol
0%
piece
0%
play
0%
Reese's
0%
run
0%
skinny
0%
smoke
0%
smoke
0%
some
0%
that
0%
the
0%
them
0%
to
0%
to
0%
toes
0%
treat
0%
trick
0%
vie
0%
want
0%
want
0%
what
0%
whole
0%
will
0%
will
0%
with
0%
with
0%
with
0%
without
0%
yeah
0%
you
0%
you
0%
you
0%
you
0%
you
0%
you
0%
you
0%
you
0%
you beat
0%
your
0%
your
0%
your
0%
you's
0%
you's
0%
you's
0%
No matching quizzes found
Score Distribution
Percent of People with Each Score
Percentile by Number Answered
Your Score History
You have not taken this quiz